Some historical vicissitudes of open economics in Latin America

Saved in:
Bibliographic Details
Main Author: Diaz Alejandro, Carlos F.
Format: Book
Language:English
Published: New Haven Yale University Press 1982
Series:Center paper no. 312
Tags: Add Tag
No Tags, Be the first to tag this record!

MARC

LEADER 00000nam a2200000 4500
001 c138327
005 20181203150511.1
041 0 |a eng 
044 |a US 
245 1 0 |a Some historical vicissitudes of open economics in Latin America  |c Carlos F. Diaz Alejandro 
264 1 |a New Haven  |b Yale University Press  |c 1982 
300 |a 184 s. 
490 1 |a Center paper  |v no. 312 
830 0 |a Center paper  |v no. 312 
100 1 |a Diaz Alejandro, Carlos F.